000 00367pab a2200145 454500
008 180718b2003 xxu||||| |||| 00| 0 eng d
100 _aNachane, Dilip M.
245 _aP.R.. Brahmananda - an affectionate tribute
260 _c2003
300 _ap.34-40.
362 _aJul-Sep
650 _aBrahmananda, P.R.
773 _aIndian Economic Journal
909 _a61237
999 _c61237
_d61237